| 000 | 00454nam a22001817a 4500 | ||
|---|---|---|---|
| 003 | OSt | ||
| 005 | 20151119153442.0 | ||
| 008 | 151119b xxu||||| |||| 00| 0 eng d | ||
| 020 | _a0727912208 | ||
| 040 | _cDLMN | ||
| 082 | _aWF553 R259a 2000. | ||
| 100 |
_aDavies,Teifion;Craig,TKJ. _96223 |
||
| 245 | _aABC of Mental Health. | ||
| 300 |
_axii,82p; _bcol,ill; _c30cm |
||
| 504 | _aincludes index. | ||
| 648 |
_aMental health. _96227 |
||
| 942 |
_2z _cSLOAN |
||
| 999 |
_c2624 _d2624 |
||